000 00957cab a2200277 4500
001 ABS50865
008 090401t1994 xxu||||| |||| 00| 0 eng d
035 _a(Sirsi) u81098
041 _aeng
100 _aHauser, W.E.
245 2 _aA securitization primer for property owners and developers
260 _c1994
350 _a0
490 _aUrban Land
_v53(6) June 1994, 27-30(4)
520 _aInvestigates the emergence of the real estate investment trust (REIT) as a financing alternative which is making significant impact on real estate markets. Discusses the outlook for other alternative financing methods such as securitised debt markets.
650 _aPARTNERSHIPS
650 _aPROPERTY FINANCE
650 _aREITS
650 _aREITS
650 _aRESOLUTION TRUST CORPORATION
650 _aROLLUP REFORM ACT 1993
650 _aRTC
690 _aPROPERTY-PROPERTY FINANCE AND INVESTMENT
942 _n0
948 _c04/03/1997
999 _c51100
_d51100